000
00224nam a22000857a 4500
008
160824b xxu||||| |||| 00| 0 eng d
100
_9
232
_a
Jharna De
245
_a
Lab Manual Mathematics - X
260
_a
New Delhi
_b
Cordova
_c
2007
999
_c
2887
_d
2887